| 000 | 00368nam a22001457a 4500 | ||
|---|---|---|---|
| 020 | _a978-0-323-08220-4 | ||
| 082 | _a617.6,M13O | ||
| 100 | _aOKESON,JEFFREY.P | ||
| 245 | _aMANAGEMENT OF TEMPROMANDIBULAR DISORDER AND OCCLUSION. | ||
| 250 | _a1ST | ||
| 260 |
_aST.LOUIS ,MISSOURI _bELSEVIER _c2013 |
||
| 300 | _a488 | ||
| 650 | _aPROSTHODONTICS | ||
| 942 |
_2ddc _cBK _010 |
||
| 999 |
_c9874 _d9874 |
||